000 02232nam a2200337 a 4500
001 991004691769707486
003 CO-PeBPR
005 20260410152330.0
008 181205s2018 sp gr 00010 spa d
020 _a9789584267191 (Bogotá)
020 _a9788432233272 (Barcelona)
040 0 _aCO-PeBPR
_bspa
_cCO-PeBPR
_erda
041 0 _hspa
082 0 4 _a813.5 W423a
100 1 _aWeiner, Matthew
_d1965-
_eautor
245 1 0 _aAbsolutamente Heather
_c/ Matthew Weiner ; traducido por Albert Fuentes
250 _aPrimera edición
260 _aBogotá, Colombia
_b: Editorial Planeta
_c, 2018
300 _a156 páginas ;
_c23 centímetros
490 0 _aSeix Barral. Biblioteca formentor
504 _aIncluye bibliografía.
520 _aLos Breakstone (Mark, un exitoso gestor de fondos, su esposa Karen y su hija adolescente Heather) parecen la familia perfecta, dueños de una vida inmaculada en la ciudad de Nueva York. En el otro extremo está Bobby Klasky, expresidiario e hijo de madre drogadicta, mentiroso con tendencias psicópatas, que no podía ser menos afortunado. Cuando Mark descubre a Bobby mirando a su hija, entenderá cómo de lejos es capaz de llegar para mantener a salvo a su familia. Contada de una forma elegante y llena de matices que evocan directamente la atmósfera de Mad Men, Heather, la obsesión mantiene el ritmo y la tensión narrativa propias de la mejor tradición del cine negro; es mucho más que un thriller doméstico: es una fábula oscura acerca de los retos a los que se enfrenta una familia en la sociedad del siglo xxi. Vinculado desde hace dos décadas al mundo de la televisión, Matthew Weiner (Baltimore, 1965) es mayormente conocido por ser el guionista, creador, productor ejecutivo y director de Mad Men, que ha recibido 116 nominaciones a los Emmy, tres Globos de Oro y dos premios BAFTA, entre otros.
534 _pTítulo original :
_tHeather, the totality.
650 1 4 _2LEMB
_aNovela estadounidense
_ySiglo XX
650 1 4 _2LEMB
_aFamilia en la literatura
_ySiglo XX
650 7 _2LEMB
_aCine en la literatura
650 1 4 _2LEMB
_aLiteratura estadounidense
_ySiglo XX
700 1 _aFuentes, Albert
_etraductor
942 _2ddc
_cBK
949 _an
_bn
999 _c17686
_d17686